[Event "Nebug op"]
[Site "Nebug"]
[Date "2016.03.29"]
[Round "9.5"]
[White "Demchenko, Alisa"]
[Black "Savelkova, Anastasiya"]
[Result "1-0"]
[WhiteElo "1822"]
[BlackElo "1771"]
[PlyCount "71"]
[EventDate "2016.03.22"]
[EventType "tourn"]
[EventRounds "9"]
[EventCountry "RUS"]
[SourceTitle "EXT 2022"]
[Source "ChessBase"]
[SourceDate "2021.10.06"]
[SourceVersion "1"]
[SourceVersionDate "2021.10.06"]
[SourceQuality "1"]

1. Nf3 f5 2. d3 Nf6 3. e4 fxe4 4. dxe4 Nxe4 5. Bd3 d5 6. Bxe4 dxe4 7. Qxd8+ Kxd8 8. Ng5 Ke8 9. Nxe4 Nc6 10. Nbc3 Bf5 11. Be3 Nb4 12. Kd2 Rd8+ 13. Kc1 e6 14. Re1 a6 15. a3 Nc6 16. Rd1 Rxd1+ 17. Kxd1 Bd6 18. Bc5 Ke7 19. Bxd6+ cxd6 20. Kd2 Nd4 21. Rc1 Rf8 22. f3 Rc8 23. Ng3 Bg6 24. Nge2 Nxe2 25. Nxe2 e5 26. c4 Bf7 27. b3 Rc5 28. Nc3 d5 29. cxd5 Rc7 30. Rc2 Rd7 31. Ke3 Bxd5 32. Nxd5+ Rxd5 33. Ke4 Ke6 34. Rc7 Rd4+ 35. Ke3 Rd7 36. Rc8 1-0

[Event "Nebug op"]
[Site "Nebug"]
[Date "2016.03.23"]
[Round "3.2"]
[White "Gelman, Inna"]
[Black "Savelkova, Anastasiya"]
[Result "0-1"]
[WhiteElo "1608"]
[BlackElo "1771"]
[PlyCount "116"]
[EventDate "2016.03.22"]
[EventType "tourn"]
[EventRounds "9"]
[EventCountry "RUS"]
[SourceTitle "EXT 2022"]
[Source "ChessBase"]
[SourceDate "2021.10.06"]
[SourceVersion "1"]
[SourceVersionDate "2021.10.06"]
[SourceQuality "1"]

1. d4 f5 2. g3 Nf6 3. Bg2 e6 4. Nf3 Be7 5. 0-0 0-0 6. c4 d6 7. Nc3 Qe8 8. b3 Qh5 9. Ba3 a5 10. Qd3 Na6 11. Rae1 Nb4 12. Qd2 Ne4 13. Qc1 Rf6 14. h4 Rh6 15. Nxe4 fxe4 16. Ng5 e3 17. Bf3 Qg6 18. Be4 Bxg5 19. Bxg6 exf2+ 20. Rxf2 Bxc1 21. Bf7+ Kh8 22. Bxc1 Rf6 23. Ref1 Nxa2 24. Rxf6 gxf6 25. Bd2 Kg7 26. Be8 Nb4 27. e3 b6 28. Ra1 Bb7 29. Bh5 Nd3 30. Be2 Be4 31. Bxd3 Bxd3 32. Kf2 Bc2 33. Ra3 a4 34. bxa4 Rxa4 35. Rxa4 Bxa4 36. Ke2 Kg6 37. Bb4 Kf5 38. c5 bxc5 39. dxc5 d5 40. Ba5 c6 41. Bc3 e5 42. Bb2 Ke4 43. g4 Bb5+ 44. Kf2 d4 45. exd4 exd4 46. Bc1 Kd3 47. Ke1 Kc4 48. Bh6 Kxc5 49. Bg7 f5 50. gxf5 Bd3 51. f6 Bg6 52. Kd2 Kd5 53. Bh8 c5 54. Bg7 c4 55. Kd1 c3 56. Kc1 d3 57. f7 d2+ 58. Kd1 Bh5+ 0-1